00510 a2200169 450000500170000001000150001702000300003203500140006203700160007608200140009224500710010625000090017726000430018627000680022930000260029770000170032320211216120625.0 aENG-130345 c980.00a978-93-83445-49-3 aEN-113877 bDBAD / PUB a327.54058 aIndia-Centra Asia Relations The Road Ahead:cEdited by Athar Zafar a2021 bKW Publishers Pvt Ltdc2021aNew Delhi bNew Delhia4676/21, First Floor, Ansari Road, Daryaganje110002 axi, 184p.c24cm (hbk) aZafar, Athar